Стратегическая конкурентоспособность России; Стандарты и качество; № 5

Podrobná bibliografie
Parent link:Стандарты и качество: научно-технический журнал/ Российская Федерация, Государственный комитет по стандартизации и метрологии (Госстандарт России).— , 1980-.— 0038-9692
№ 5.— 2003.— С. 52-58
Hlavní autor: Фатхутдинов Р. Раис
Jazyk:ruština
Vydáno: 2003
Edice:Качество: национальная программа
Témata:
Médium: MixedMaterials Kapitola
KOHA link:https://koha.lib.tpu.ru/cgi-bin/koha/opac-detail.pl?biblionumber=459360

MARC

LEADER 00000naa2a2200000 4500
001 459360
005 20231101085137.0
035 |a (RuTPU)RU\TPU\prd\123144 
035 |a RU\TPU\prd\15528 
090 |a 459360 
100 |a 20111020a2003 k y0rusy50 ca 
101 0 |a rus 
102 |a RU 
200 1 |a Стратегическая конкурентоспособность России  |f Р. Фатхутдинов 
225 1 |a Качество: национальная программа 
320 |a Библиогр.: 2 назв. 
461 1 |0 (RuTPU)RU\TPU\prd\992  |x 0038-9692  |t Стандарты и качество  |o научно-технический журнал  |f Российская Федерация, Государственный комитет по стандартизации и метрологии (Госстандарт России)  |d 1980- 
463 1 |0 (RuTPU)RU\TPU\prd\123127  |t № 5  |v С. 52-58  |d 2003 
610 1 |a конкурентоспособность 
610 1 |a стратегия 
610 1 |a Россия 
610 1 |a производство 
610 1 |a предпринимательство 
610 1 |a критерии 
610 1 |a оценка фактической конкурентоспособности 
610 1 |a термины 
610 1 |a управление 
700 1 |a Фатхутдинов  |b Р.  |g Раис 
801 1 |a RU  |b 63413507  |c 20030624  |g PSBO 
801 2 |a RU  |b 63413507  |c 20111020  |g RCR 
942 |c BK